| 000 | 01023 a2200241 4500 | ||
|---|---|---|---|
| 003 | Nust | ||
| 005 | 20170207154027.0 | ||
| 010 | _a 2001097507 | ||
| 020 | _a0672323664 | ||
| 040 | _cNust | ||
| 082 | 0 | 0 | _a005.2762 |
| 245 | 0 | 0 |
_aJXTA :(E-BOOK) _bJava P2P programming / _cDaniel Brookshier ... [et al.]. |
| 250 | _a1st ed. | ||
| 260 |
_aIndianapolis, Ind. : _bSams, _cc2002. |
||
| 300 |
_axi, 413 p. : _bill. ; _c24 cm. |
||
| 500 | _aIncludes index. | ||
| 505 | _aWhat Is P2P? (Page-1) Overview Of JXTA(Page-24) JXTA Protocols(Page-60) . JXTA Shell (Page-107) JXTA Ping Command. (Page-122) Working With Groups(Page-150) JXTA Content Manager Service (CMS) (Page-172) JXTA And Security(Page-187) Synchronizing Data Between Peers(Page-213) JXTA Chess: Game Programming(Page-237) JXTA Explorer(Page-267) | ||
| 650 | 0 | _aJava (Computer program language) | |
| 650 | 0 | _aJXTA (Computer network protocol) | |
| 650 | 0 | _aPeer-to-peer architecture (Computer networks) | |
| 651 | _aJXTA :(E-BOOK) | ||
| 700 | 1 |
_aBrookshier, Dan, _d1960- |
|
| 942 |
_2ddc _cBK |
||
| 999 |
_c191934 _d191934 |
||